Normal view
MARC view
Entry Nombre corporativo
001 - NÚMERO DE CONTROL
- campo de control: 40164
003 - IDENTIFICADOR DE NÚMERO DE CONTROL
- campo de control: OSt
005 - FECHA Y HORA DE LA ÚLTIMA TRANSACCIÓN
- campo de control: 20250520185229.0
008 - ELEMENTOS DE DATO DE LONGITUD-FIJA
- campo de control de longitud fija: 250520|| aca||aabn | a|a d
040 ## - FUENTE DE CATALOGACIÓN
- Centro catalogador/agencia de origen: OSt
- Centro/agencia transcriptor: OSt
110 ## - ENCABEZAMIENTO-NOMBRE DE ENTIDAD CORPORATIVA
- Nombre de entidad corporativa o nombre de jurisdicción como elemento de entrada: ANDALUCIA
- Unidad subordinada: Acuerdo Interconfederal para la Negociación Colectiva
- Fecha del congreso o de la firma del tratado: 2007
670 ## - FUENTE DE DATOS ENCONTRADOS
- Cita de la fuente: Work cat.: (OSt)19414: CONSEJO ANDALUZ DE RELACIONES LABORALES. Comisión de Inmigración 19328, Recomendaciones de la Comisión de Inmigración del Consejo Andaluz de Relaciones Laborales en el Marco del VI Acuerdo de Concertación Social y el Acuerdo Interconfederal para la Negociación Colectiva 2007, D.L. 2007